1800 1344 1960 1313 1621 1059 1808 1487 1235 1490 1169 1762 1500 1512 1937 1270 1957 1755 1561 1669 1979 1346 1787 1574 1245 1832 1980 1786 1555 1554 1261 1227 1439 1135 1048 1182 1533 1814 1361 1342 1451 1021 1768 1910 1104 1815 1289 1585 1023 1728 1525 1100 1438 1378 1301 1406 1895 1182 1234 1985 1557 1705 1841 1574 1009 1937 1212 1593 1951 1450 1691 1003 1284 1247 1279 1858 1030 1681 1853 1736 1557 1397 1709 1418 1961 1912 1725 1237 1102 1528 1716 1217 1949 1617 1153 1664 1025 1478 1051 BCNSPRNW ULIB Ver.6.0+V

เปลี่ยนเป็นภาษาไทย

Change to English
 แสดงรายละเอียดบรรณานุกรม
  กลับหน้าหลัก

Brief Record : Get Marc (ISO 2709) : E-mail record : QR code < ปิดหน้าต่าง
LEADER : 00000nam 2200000uu 4500
001    13399112886
003     ULIB
008    110915s2547||||th 000 0 tha d
050  4 TX801^bจ379ม 2547
100 0  เฉลิม ศรีภิรมณ์
245 00 มังสวิรัติอาหารเพื่อสุขภาพ /^cเฉลิม ศรภิรมณ์
260    กรุงเทพฯ :^bแม่บ้าน,^c2547
300    184 หน้า ;^bภาพประกอบ ^c19 ซม.
650  4 มังสวิรัติ
650  4 อาหารมังสวิรัติ
650  4 โภชนาการ
700 0  จำลองลักษณ์
945    ^p0^l0^i017225
995    เกษร
999    ^aใช้งานได้ทุกระบบ
รายการนี้ยังไม่มีแท็ก
คุณยังไม่ได้ล็อกอิน คุณสามารถมีกิจกรรมร่วมกับเว็บไซต์ได้ แต่ต้องล็อกอินก่อน ::
  ล็อกอิน

รายการสื่อสารสนเทศ

ลำดับที่ ประเภท เลขเรียก/บาร์โค้ด สถานที่ สถานะ
- ไม่พบข้อมูล -

รายการใกล้เคียง
    หัวเรื่อง [มังสวิรัติ]
    หัวเรื่อง [อาหารมังสวิรัติ]
    หัวเรื่อง [โภชนาการ]

BibComment


ยังไม่เคยถูกคอมเมนท์

คอมเมนท์ทรัพยากรรายการนี้
  คอมเมนท์: มังสวิรัติอาหารเพ..


 Copyright 2026. Bcnsprnw @Library